| 000 | 01106nam0a22002651 4500 | ||
|---|---|---|---|
| 001 | RU\NLR\A1SV\131144 | ||
| 005 | 20260405175353.0 | ||
| 035 | _a(NLR Aleph) 010532720 | ||
| 090 |
_a10263947 _c10263947 |
||
| 100 | _a20021215d1924 u y0rusy50 ca | ||
| 101 | 0 | _arus | |
| 102 | _aRU | ||
| 200 | 1 |
_aК вопросу о плодообразовании при межвидовых скрещиваниях хлопчатника _e(Скрещивание азиат. форм с американскими) _fГ.С.Зайцев _gРус.-Туркест. акц. хлопковое о-во "Туркхлопок" |
|
| 210 |
_aЛ. _d1924 |
||
| 215 |
_aС.91-134 _d26 см |
||
| 311 | _aОтт. из: Тр. туркест. селекц. ст. Вып.2 | ||
| 620 | _dСанкт-Петербург | ||
| 700 | 1 |
_aЗайцев _bГ. С. _cботаник, растениевод, селекционер _f1887-1929 _gГавриил Семенович _3RU\NLR\AUTH\7776457 _959385 |
|
| 801 | 0 |
_aRU _bNLR _c20021215 |
|
| 899 | _aБАН | ||
| 899 | _aБАН | ||
| 942 | _cBOOK | ||
| 980 | _aNB | ||
| 980 | _aA1SV | ||